Central Library OPAC University of Rajshahi

Approaches to the science of socio-economic development / (Record no. 34602)

MARC details
000 -LEADER
fixed length control field 00881nam a2200277 4500
001 - CONTROL NUMBER
control field 34602
003 - CONTROL NUMBER IDENTIFIER
rucl marc code BD-RjUL
005 - DATE AND TIME OF LATEST TRANSACTION
control field 20211209052202.0
008 - FIXED-LENGTH DATA ELEMENTS--GENERAL INFORMATION
fixed length control field 720323s1971 fr a b 00010 eng d
035 ## - SYSTEM CONTROL NUMBER
System control number (BD-RjUL)34696
040 ## - CATALOGING SOURCE
Original cataloging agency DLC
Transcribing agency DLC
Modifying agency BOS
-- BD-RjUL
Language of cataloging eng
041 ## - LANGUAGE CODE
Language code of text/sound track or separate title eng
082 04 - DEWEY DECIMAL CLASSIFICATION NUMBER
Classification number 301.44
Author mark and year APP
245 10 - TITLE STATEMENT
Title Approaches to the science of socio-economic development /
Statement of responsibility, etc. edited by Peter Lengyel. With contributions by Raymond Aron [and others]
260 ## - PUBLICATION, DISTRIBUTION, ETC. (IMPRINT)
Place of publication, distribution, etc. Paris :
Name of publisher, distributor, etc. Unesco,
Date of publication, distribution, etc. 1971.
300 ## - PHYSICAL DESCRIPTION
Pagination 383 p. :
Illustrations ill. ;
Size 25 cm.
350 ## - PRICE (NR) (BK AM CF MU VM SE) [OBSOLETE]
Price $7.50 (U.S.)
504 ## - BIBLIOGRAPHY, ETC. NOTE
Bibliography, etc Includes bibliographical references.
650 #0 - SUBJECT ADDED ENTRY--TOPICAL TERM
Topical term or geographic name as entry element Economic development.
9 (RLIN) 105263
Topical term or geographic name as entry element Economic development
General subdivision Social aspects.
9 (RLIN) 8036
700 10 - ADDED ENTRY--PERSONAL NAME
Personal name Aron, Raymond,
Dates associated with a name 1905-1983.
Personal name Lengyel, Peter,
942 ## - ADDED ENTRY ELEMENTS (KOHA)
Source of classification or shelving scheme Dewey Decimal Classification
Koha item type Books
Holdings
Lost status Source of classification or shelving scheme Damaged status Not for loan Collection code Permanent Location Current Location Shelving location Date acquired Source of acquisition Total Checkouts Full call number Date last seen Copy number Koha item type
  Dewey Decimal Classification   Not For Loan Non-fiction Central Library, University of Rajshahi Central Library, University of Rajshahi Reading Room 21/10/1981 Uesco   301.44 APP 1971 18/05/2014 C-1 Books
  Dewey Decimal Classification     Non-fiction Central Library, University of Rajshahi Central Library, University of Rajshahi   30/11/1981 unesco   301.44 APP 1971 18/05/2014 C-2 Books
  Dewey Decimal Classification     Non-fiction Central Library, University of Rajshahi Central Library, University of Rajshahi   30/11/1981 UNESCO   301.44 APP 1971 18/05/2014 C-3 Books